[Event "FIN-chT2 Gp4 1819"]
[Site "Finland"]
[Date "2019.02.09"]
[Round "6.4"]
[White "Rajamaki, Keijo"]
[Black "Haddara, Marwan"]
[Result "1-0"]
[WhiteElo "1886"]
[BlackElo "1862"]
[PlyCount "67"]
[EventDate "2018.09.15"]
[EventType "team-tourn"]
[EventRounds "6"]
[EventCountry "FIN"]
[SourceTitle "EXT 2020"]
[Source "ChessBase"]
[SourceDate "2019.10.17"]
[SourceVersion "1"]
[SourceVersionDate "2019.10.17"]
[SourceQuality "1"]
[WhiteTeam "Kankaanpaa SK"]
[BlackTeam "Seinajoki"]
[WhiteTeamCountry "FIN"]
[BlackTeamCountry "FIN"]

1. e4 Nf6 2. e5 Nd5 3. d4 Nc6 4. Nf3 d6 5. Bb5 Bf5 6. 0-0 a6 7. Bxc6+ bxc6 8. a3 e6 9. c4 Nb6 10. Qe2 Be7 11. Nc3 0-0 12. Rd1 f6 13. exd6 cxd6 14. Nh4 d5 15. c5 Nc4 16. Nxf5 exf5 17. Qe6+ Kh8 18. Qxc6 Rb8 19. b4 a5 20. b5 a4 21. Qxd5 Na5 22. Bf4 Rb7 23. c6 Rb6 24. Qxd8 Rxd8 25. Bc7 Rbb8 26. Bxa5 Rdc8 27. c7 Ra8 28. Bb6 Bd6 29. Nd5 Kg8 30. Re1 Kf7 31. Bc5 Bxc5 32. dxc5 Ra5 33. b6 Rb5 34. c6 1-0

[Event "Turku We TuTS A"]
[Site "Turku"]
[Date "2017.12.09"]
[Round "2"]
[White "Haddara, Marwan"]
[Black "Lehtosaari, Kalevi"]
[Result "0-1"]
[WhiteElo "1871"]
[BlackElo "1960"]
[PlyCount "66"]
[EventDate "2017.12.08"]
[EventType "swiss"]
[EventRounds "5"]
[EventCountry "FIN"]
[SourceTitle "EXT 2022"]
[Source "ChessBase"]
[SourceDate "2021.10.06"]
[SourceVersion "1"]
[SourceVersionDate "2021.10.06"]
[SourceQuality "1"]

1. e4 g6 2. d4 Bg7 3. f4 d6 4. c3 Nf6 5. Bd3 0-0 6. Nf3 e6 7. 0-0 Nc6 8. f5 exf5 9. exf5 Ne7 10. Nh4 gxf5 11. Nxf5 Bxf5 12. Bxf5 Ng6 13. Nd2 d5 14. Nf3 Qd6 15. Qd3 Rfe8 16. Ng5 Re7 17. Nh3 Rae8 18. Nf4 Re1 19. Nxg6 hxg6 20. Bh3 Nh5 21. g4 R8e2 22. Bg2 Nf6 23. Bf4 Qe7 24. Qg3 Rxa1 25. Rxa1 Rxb2 26. Bg5 Qd7 27. Bc1 Rc2 28. Qd3 Rxg2+ 29. Kxg2 Qxg4+ 30. Kf1 Ne4 31. Qe3 Bf6 32. Bb2 Bg5 33. Qe1 Nd2+ 0-1

[Event "Turku We TuTS A"]
[Site "Turku"]
[Date "2017.12.09"]
[Round "3"]
[White "Uusi Oukari, Seppo"]
[Black "Haddara, Marwan"]
[Result "1-0"]
[WhiteElo "1898"]
[BlackElo "1871"]
[PlyCount "71"]
[EventDate "2017.12.08"]
[EventType "swiss"]
[EventRounds "5"]
[EventCountry "FIN"]
[SourceTitle "EXT 2022"]
[Source "ChessBase"]
[SourceDate "2021.10.06"]
[SourceVersion "1"]
[SourceVersionDate "2021.10.06"]
[SourceQuality "1"]

1. d4 e6 2. Nf3 d5 3. e3 f5 4. Ne5 Nf6 5. Nd2 c6 6. Ndf3 Bd6 7. Bd3 0-0 8. c4 Ne4 9. c5 Bc7 10. Bd2 Nd7 11. Nxd7 Bxd7 12. b4 Qf6 13. Qc2 e5 14. Bxe4 fxe4 15. dxe5 Bxe5 16. Nxe5 Qxf2+ 17. Kd1 Qxg2 18. Re1 Bh3 19. Qc3 Rf1 20. Rxf1 Qxf1+ 21. Kc2 Qg2 22. Qd4 Qxh2 23. Kb3 Qg3 24. Bc3 Rc8 25. Rh1 Be6 26. a4 b6 27. Ka3 bxc5 28. bxc5 Rc7 29. Rb1 h5 30. Rb8+ Kh7 31. Ba5 Rc8 32. Rb7 h4 33. Bc3 h3 34. Nxc6 Rg8 35. Ne7 h2 36. Nxg8 1-0

[Event "Naantali Avoin op"]
[Site "Naantali"]
[Date "2017.07.04"]
[Round "2"]
[White "Haddara, Marwan"]
[Black "Torvi, Markku"]
[Result "1-0"]
[WhiteElo "1829"]
[BlackElo "1730"]
[PlyCount "35"]
[EventDate "2017.07.03"]
[EventType "swiss"]
[EventRounds "7"]
[EventCountry "FIN"]
[SourceTitle "EXT 2018"]
[Source "ChessBase"]
[SourceDate "2017.10.13"]
[SourceVersion "1"]
[SourceVersionDate "2017.10.13"]
[SourceQuality "1"]

1. e4 c5 2. Nf3 d6 3. g3 Nf6 4. d3 e6 5. Bg2 Nc6 6. c3 Be7 7. 0-0 0-0 8. Qe2 Qc7 9. d4 b6 10. e5 Ne8 11. Na3 Bd7 12. Nb5 Qb8 13. exd6 Bxd6 14. Nxd6 Qxd6 15. Ne5 cxd4 16. Bf4 Rc8 17. Nxc6 Qc5 18. cxd4 1-0

[Event "Naantali Avoin op"]
[Site "Naantali"]
[Date "2016.07.04"]
[Round "1"]
[White "Haddara, Marwan"]
[Black "Nieminen, Markus"]
[Result "0-1"]
[WhiteElo "1690"]
[BlackElo "1982"]
[PlyCount "64"]
[EventDate "2016.07.04"]
[EventType "swiss"]
[EventRounds "9"]
[EventCountry "FIN"]
[SourceTitle "EXT 2017"]
[Source "ChessBase"]
[SourceDate "2016.10.25"]
[SourceVersion "1"]
[SourceVersionDate "2016.10.25"]
[SourceQuality "1"]

1. e4 e5 2. Nf3 Nc6 3. d4 exd4 4. Bc4 Nf6 5. e5 d5 6. Bb5 Ne4 7. 0-0 a6 8. Bxc6+ bxc6 9. Nxd4 c5 10. Ne2 Be7 11. Nbc3 Nxc3 12. Nxc3 d4 13. Ne4 0-0 14. Re1 Rb8 15. Qf3 Rb6 16. c3 Bb7 17. Qd3 Qd5 18. cxd4 cxd4 19. b3 Qxe5 20. Bd2 Rg6 21. f3 Qd5 22. Rac1 Rc8 23. Bf4 c5 24. Kf2 a5 25. Qb5 Bc6 26. Qxa5 Ra8 27. Qd2 Bb7 28. Rc2 f5 29. Nc3 Bh4+ 30. g3 Qxf3+ 31. Kg1 Qh1+ 32. Kf2 Qg2# 0-1